000
00248nam a2200109Ia 4500
005
20251222141830.0
008
251222s9999||||xx |||||||||||||| ||spa||
082
_a
657.45/L46
100
_a
León Flores, Gilberto
245
0
_a
Auditoría
942
_c
LIB
999
_c
7094
_d
7094